| 000 | 00789nam a2200277 i 4500 | ||
|---|---|---|---|
| 001 | C2-0267213 | ||
| 003 | PPAK | ||
| 005 | 20200904070021.0 | ||
| 008 | 050912s1996 my a|||| ||||| | may d | ||
| 020 | _a9837013095 | ||
| 040 |
_aPPAK _beng _cPPAK _erda |
||
| 082 | 0 | 4 |
_a751.45 _223 |
| 090 | 0 | 0 |
_a751.45 _bBER _dR |
| 090 | 2 | 0 |
_a751.45 _bBER _dG |
| 100 | 1 |
_aBerrill, Philip, _eauthor |
|
| 245 | 1 | 0 | _aLukisan cat minyak |
| 264 | 1 |
_aShah Alam, Selangor : _bCerdik Publications , _c1996 |
|
| 300 |
_a64 pages : _bcolour illustrations ; _c27 cm |
||
| 336 |
_2rdacontent _atext |
||
| 337 |
_2rdamedia _aunmediated |
||
| 338 |
_2rdacarrier _avolume |
||
| 490 | 1 | _aSerba-serbi tentang melukis | |
| 650 | 1 | 0 | _aPainting - Technique |
| 830 | 0 | _aSerba-serbi tentang melukis | |
| 942 |
_cB _2ddc |
||
| 999 |
_c76227 _d76227 |
||